Normal view MARC view

Entry Personal Name

Number of records used in: 2

001 - CONTROL NUMBER

  • control field: 27944

003 - CONTROL NUMBER IDENTIFIER

  • control field: dpl

005 - DATE AND TIME OF LATEST TRANSACTION

  • control field: 20110510112155.0

008 - FIXED-LENGTH DATA ELEMENTS

  • fixed length control field: 110510|||a|||||| | ||| d

040 ## - CATALOGING SOURCE

  • Original cataloging agency: dpl
  • Transcribing agency: dpl

100 ## - HEADING--PERSONAL NAME

  • Personal name: Sita Ram Singh

670 ## - SOURCE DATA FOUND

  • Source citation: Work cat.: (dpl)31457: Sita Ram Singh, Event management /, 2009

670 ## - SOURCE DATA FOUND

  • Source citation: Work cat.: (dpl)31457: Sita Ram Singh, Event management /, 2009

© Delhi Public Library
Hit Counter
free hit counter